Close-Up Simpsons Quiz Stats

 Plays Quiz Updated Jul 26, 2016

Challenge
Share
Tweet
Score 0/18 Timer 03:00
1 Play Today
% Correct
Homer Simpson
99.4%
Maggie Simpson
97.6%
Marge Simpson
94.3%
Bart Simpson
93.1%
Mr. Burns
90.1%
Sideshow Bob
88.8%
Moe Szyslak
87.7%
Krusty the Clown
82.7%
Milhouse Van Houten
78%
% Correct
Patty Bouvier
75.6%
Edna Krabappel
72.6%
Lisa Simpson
66.8%
Apu
63.1%
Nelson Muntz
62.6%
Principal Skinner
62.6%
“Jimbo” Jones
50.3%
Reverend Lovejoy
43.3%
Fat Tony
36.7%

You're not logged in!

Compare scores with friends on all Sporcle quizzes.
Join for Free
OR
Log In

You Might Also Like...

Show Comments

Extras

Top Quizzes Today


Score Distribution

Your Account Isn't Verified!

In order to create a playlist on Sporcle, you need to verify the email address you used during registration. Go to your Sporcle Settings to finish the process.

Report this User

Report this user for behavior that violates our Community Guidelines.

Details: